[Event "34th Chess Olympiad (women)"]
[Site "Istanbul"]
[Date "2000.11.10"]
[Round "13.32.1"]
[White "Al-Sherkh Khade, Wasila"]
[Black "Cast, Abigail"]
[WhiteElo "2000"]
[BlackElo "2114"]
[WhiteCountry "SYR"]
[BlackCountry "WLS"]
[Result "0-1"]

1. e4 e6 2. d4 d5 3. exd5 exd5 4. Nf3 Bd6 5. Bd3 Ne7 6. Be3 Nbc6 7. c3 Bg4 
8. Nbd2 f5 9. Bg5 h6 10. Bxe7 Nxe7 11. Qc2 Qd7 12. O-O-O O-O-O 13. Rde1 Kb8 
14. Ne5 Bxe5 15. Rxe5 f4 16. h3 Nc6 17. Bb5 Be6 18. Rhe1 Bf7 19. Bxc6 Qxc6 
20. Nf3 Bg6 21. Qb3 Be4 22. Nd2 Rhe8 23. Rxe8 Rxe8 24. f3 Bh7 25. Qd1 Qg6 
26. Rxe8+ Qxe8 27. Qg1 Qg6 28. Qd1 Qxg2 29. Qf1 Qg6 30. Qd1 Qf5 31. h4 Qd3 
32. Qb3 Qe3 33. Qd1 c6 34. Qf1 Bd3 35. Qd1 h5 36. Qh1 Qf2 37. Kd1 Kc7 
38. Kc1 b5 39. b4 Qe3 40. Qg2 g6 41. Kb2 Be2 42. Nf1 Qxf3 43. Qxf3 Bxf3 
44. Kc2 Bg2 45. Nh2 Kd6 46. Kd2 Ke6 47. Ke2 Kf5 48. Kf2 f3 49. Ke3 g5 
50. hxg5 Kxg5 51. Nxf3+ Bxf3 52. Kxf3 Kf5 53. a3 h4 
0-1

[Event "34th Chess Olympiad (women)"]
[Site "Istanbul"]
[Date "2000.11.10"]
[Round "13.32.2"]
[White "Powell, Annie"]
[Black "Khalifeh, Diana"]
[WhiteElo "2000"]
[BlackElo "2000"]
[WhiteCountry "WLS"]
[BlackCountry "SYR"]
[Result "1/2-1/2"]

1. e4 e6 2. d4 d5 3. Nd2 b6 4. e5 c5 5. c3 Ba6 6. Bxa6 Nxa6 7. Qe2 Nc7 
8. f4 Nh6 9. Ngf3 Be7 10. O-O O-O 11. Re1 cxd4 12. Nxd4 Qd7 13. N2f3 a5 
14. Kh1 Na6 15. Be3 Ng4 16. Bg1 Nc5 17. h3 Nh6 18. Nd2 Rfc8 19. g4 Qd8 
20. Be3 Bf8 21. Bf2 a4 22. a3 Kh8 23. Rg1 Be7 24. Raf1 Qd7 25. Be3 Qd8 
26. f5 Bg5 27. f6 Bxe3 28. Qxe3 Qf8 29. fxg7+ Qxg7 30. g5 Ng8 31. Nb5 Ne7 
32. Nd6 Rf8 33. Qf3 Kg8 34. Re1 Ng6 35. Qg3 Rad8 36. Nb5 Rd7 37. Nd4 Ra7 
38. Re2 Ne7 39. Rf1 Qg6 40. Re3 Rc7 41. Rf6 Qg7 42. h4 Nd7 43. Rf2 Nc6 
44. Nxc6 Rxc6 45. h5 b5 46. Qh2 Rc7 47. Rg2 Rd8 48. g6 fxg6 49. hxg6 hxg6 
50. Reg3 Nf8 51. Nf3 Qh8 52. Rh3 Rh7 53. Rxh7 Qxh7 54. Qxh7+ Kxh7 55. Nd4 Rb8 
56. Rf2 Kg7 57. Rf6 Rb6 
1/2-1/2

[Event "34th Chess Olympiad (women)"]
[Site "Istanbul"]
[Date "2000.11.10"]
[Round "13.32.3"]
[White "Mir Mahmoud, Afamia"]
[Black "Wilson, Julie"]
[WhiteElo "2000"]
[BlackElo "2000"]
[WhiteCountry "SYR"]
[BlackCountry "WLS"]
[Result "1/2-1/2"]

1. d4 Nf6 2. Nf3 e6 3. g3 b6 4. Bg2 Bb7 5. O-O Be7 6. c4 Ne4 7. Bd2 O-O 
8. Nc3 Nxd2 9. Qxd2 d6 10. e4 Nd7 11. Rfd1 Rb8 12. Rac1 f5 13. d5 Nc5 
14. exf5 Rxf5 15. b4 Rxf3 16. Bxf3 Bg5 17. Qe2 Bxc1 18. Rxc1 Nd7 19. Qxe6+ Kh8 
20. Qe3 Ne5 21. Be2 Qd7 22. f4 Ng6 23. Qd3 Re8 24. Bh5 Qe7 25. Rc2 Qf6 
26. Re2 Rxe2 27. Qxe2 Ne7 28. Ne4 Qd4+ 29. Kf1 Nf5 30. Nd2 Ne3+ 31. Ke1 Nc2+ 
1/2-1/2

[Event "34th Chess Olympiad (women)"]
[Site "Istanbul"]
[Date "2000.11.10"]
[Round "13.33.1"]
[White "Tamin, Upi"]
[Black "Ingolfsdottir, Harpa"]
[WhiteElo "2240"]
[BlackElo "2100"]
[WhiteCountry "INA"]
[BlackCountry "ISL"]
[Result "1-0"]

1. e4 e6 2. d4 d5 3. Nc3 Bb4 4. e5 c5 5. Qg4 Ne7 6. Qxg7 Rg8 7. Qxh7 cxd4 
8. a3 Qa5 9. axb4 Qxa1 10. Nce2 Nbc6 11. Nf3 Bd7 12. h4 Rc8 13. b5 d3 
14. Qxd3 Nb4 15. Qb3 Nxc2+ 16. Kd2 Rg4 17. Nc3 Nd4 18. Nxd4 Rxd4+ 19. Bd3 Nf5 
20. h5 Rxd3+ 21. Kxd3 d4 22. Ne2 Qb1+ 23. Kd2 Rc5 24. h6 Nxh6 25. Rxh6 d3 
26. Nc3 Qa1 27. Qb4 b6 28. Rh8+ Ke7 29. Qh4+ 
1-0

[Event "34th Chess Olympiad (women)"]
[Site "Istanbul"]
[Date "2000.11.10"]
[Round "13.33.2"]
[White "Kristinsdottir, A"]
[Black "Zakiah, Al"]
[WhiteElo "2025"]
[BlackElo "2000"]
[WhiteCountry "ISL"]
[BlackCountry "INA"]
[Result "0-1"]

1. e4 d5 2. exd5 Qxd5 3. Nc3 Qa5 4. d4 Bf5 5. Nf3 e6 6. Bd3 c6 7. O-O Nf6 
8. Bf4 Nbd7 9. a3 Bxd3 10. Qxd3 Be7 11. Rfe1 O-O 12. Ng5 h6 13. Nge4 Nh5 
14. Bd2 Qf5 15. Ne2 Qg4 16. N4g3 Bd6 17. h3 Qh4 18. Nxh5 Qxh5 19. Bf4 Bxf4 
20. Nxf4 Qg5 21. Qe3 Rfd8 22. Nd3 Qxe3 23. Rxe3 Rac8 24. c3 c5 25. dxc5 Nxc5 
26. Nxc5 Rxc5 27. Re2 Rcd5 28. f3 Kf8 29. Kf2 Ke7 30. Rc1 Kd6 31. g4 Kc5 
32. b3 Rd2 33. h4 g6 34. Ke1 R2d3 35. Kf2 R8d6 36. Re5+ Kc6 37. Re2 b5 
38. Rec2 f5 39. g5 hxg5 40. hxg5 a5 41. Re1 a4 42. bxa4 bxa4 43. f4 Kc5 
44. Ke2 Rh3 45. Rf1 Rdd3 46. Rfc1 Kc4 47. Ke1 Rxc3 48. Kd2 Rh2+ 49. Kd1 Rhxc2 
50. Rxc2 Rxc2 51. Kxc2 Kd4 52. Kd2 e5 53. fxe5 Kxe5 54. Ke3 f4+ 55. Kf3 Kf5 
0-1

[Event "34th Chess Olympiad (women)"]
[Site "Istanbul"]
[Date "2000.11.10"]
[Round "13.33.3"]
[White "Riayaningrum, Yeni"]
[Black "Larusdottir, Aldis"]
[WhiteElo "2000"]
[BlackElo "2000"]
[WhiteCountry "INA"]
[BlackCountry "ISL"]
[Result "1/2-1/2"]

1. e4 c6 2. d4 d5 3. Nc3 dxe4 4. Nxe4 Bf5 5. Ng3 Bg6 6. h4 h6 7. Nf3 Nd7 
8. h5 Bh7 9. Bd3 Bxd3 10. Qxd3 Ngf6 11. Bd2 e6 12. O-O-O Qc7 13. Ne4 Nxe4 
14. Qxe4 Nf6 15. Qe2 O-O-O 16. g3 Bd6 17. Bc3 Nd5 18. Rd3 Rhe8 19. Bd2 e5 
20. dxe5 Bxe5 21. Nxe5 Rxe5 22. Qg4+ f5 23. Qh3 Qf7 24. Rd1 Rd7 25. b3 Nf6 
26. Rxd7 Nxd7 27. Bc3 Re7 28. f4 b6 29. Rd6 Kc7 30. Rg6 Qf8 31. Kb2 Rf7 
32. Qg2 Nf6 33. Be5+ Kb7 34. Qf3 Qe7 35. Qc3 Rf8 36. a3 a5 37. Qf3 Rf7 
38. Qc3 Rf8 39. Bxf6 Rxf6 40. Rxf6 Qxf6 41. Qxf6 gxf6 42. Kc3 Kc7 43. Kc4 Kd6 
44. a4 Ke6 45. c3 Kd6 46. b4 axb4 47. cxb4 Kc7 48. Kd4 Kd6 49. a5 Kc7 
50. axb6+ Kxb6 51. Kc4 Kc7 52. Kc5 Kd7 53. Kb6 Kd6 54. Kb7 Kd7 
1/2-1/2

[Event "34th Chess Olympiad (women)"]
[Site "Istanbul"]
[Date "2000.11.10"]
[Round "13.34.1"]
[White "Lai, Xiaoqing"]
[Black "Villegas, Meylin"]
[WhiteElo "2000"]
[BlackElo "2000"]
[WhiteCountry "JPN"]
[BlackCountry "CRC"]
[Result "1/2-1/2"]

1. d4 d5 2. Nf3 Nf6 3. Bg5 e6 4. e3 c5 5. c3 Be7 6. Nbd2 Nbd7 7. Bd3 b6 
8. Bb5 a6 9. Bc6 Ra7 10. Ne5 O-O 11. Bxd7 Bxd7 12. a4 Qc7 13. Nxd7 Qxd7 
14. O-O c4 15. b4 b5 16. Qc2 h6 17. Bxf6 Bxf6 18. Ra2 Rfa8 19. Rfa1 g6 
20. h3 Qb7 21. a5 Re8 22. f4 Qb8 23. Nf3 Qd8 24. Rf1 Kg7 25. Ne5 Rc7 
26. Qe2 Rf8 27. Qf3 Bxe5 28. fxe5 f6 29. exf6+ Rxf6 30. Qxf6+ Qxf6 
31. Rxf6 Kxf6 32. Rf2+ Kg7 33. g4 Rf7 34. Rxf7+ Kxf7 35. Kf2 Kf6 36. e4 g5 
37. Kf3 
1/2-1/2

[Event "34th Chess Olympiad (women)"]
[Site "Istanbul"]
[Date "2000.11.10"]
[Round "13.34.2"]
[White "Murioz, Carolina"]
[Black "Watai, Miyoko"]
[WhiteElo "2000"]
[BlackElo "2000"]
[WhiteCountry "CRC"]
[BlackCountry "JPN"]
[Result "1-0"]

1. e4 e5 2. Nf3 Nc6 3. d4 exd4 4. Nxd4 Bc5 5. Nb3 Be7 6. Nc3 Nf6 7. Bd3 d6 
8. O-O Ne5 9. Be2 O-O 10. f4 Ned7 11. Be3 c6 12. h3 Qc7 13. Bd4 Rd8 14. Qe1 Nf8 
15. Qg3 Ne8 16. Rad1 b5 17. e5 dxe5 18. Bxe5 Qb6+ 19. Kh1 Bf5 20. Bd3 Bxd3 
21. Rxd3 Rxd3 22. Qxd3 Rd8 23. Qe2 Bf6 24. Bxf6 Nxf6 25. Ne4 Nxe4 26. Qxe4 c5 
27. c3 a6 28. Re1 c4 29. Nd4 h6 30. Kh2 Ng6 31. Re2 Qc7 32. g3 Qd6 33. f5 Nf8 
34. Qe7 Qd5 35. Re5 Qd6 36. Kg2 Qb6 37. Qc5 Qxc5 38. Rxc5 Rd6 39. Rc6 Rxc6 
40. Nxc6 Nd7 41. Kf3 g6 42. fxg6 fxg6 43. Nb4 Nc5 44. Ke3 Kf7 45. Kd4 Ne6+ 
46. Kd5 Kf6 47. Nxa6 h5 48. Nc5 Ng7 49. Ne4+ Kf5 50. Nd6+ Kg5 51. Ke4 Ne6 
52. Ke5 Nc7 53. Nf7# 
1-0

[Event "34th Chess Olympiad (women)"]
[Site "Istanbul"]
[Date "2000.11.10"]
[Round "13.34.3"]
[White "Matsuo, Akemi"]
[Black "Vega, Carla"]
[WhiteElo "2000"]
[BlackElo "2000"]
[WhiteCountry "JPN"]
[BlackCountry "CRC"]
[Result "0-1"]

1. e4 c5 2. Nf3 d6 3. d4 cxd4 4. Nxd4 Nf6 5. Nc3 g6 6. Be3 Bg7 7. Qd2 O-O 
8. O-O-O Ng4 9. Bg5 Nc6 10. f3 Bxd4 11. fxg4 Bxg4 12. Re1 Rc8 13. h3 Be6 
14. Kb1 a6 15. h4 Bh8 16. h5 Nb4 17. hxg6 fxg6 18. Bh4 Bxc3 19. Qh6 Bxa2+ 
20. Kc1 Bxe1 21. Bxe1 Rxc2+ 22. Kd1 Rf7 23. Bxb4 Bb3 24. Bc3 Rxc3+ 25. Kd2 Rc2+ 
26. Kd3 Qc7 27. Ke3 Qc5+ 
0-1

[Event "34th Chess Olympiad (women)"]
[Site "Istanbul"]
[Date "2000.11.10"]
[Round "13.35.1"]
[White "Smith, Vivian"]
[Black "Zepeda, Sonia"]
[WhiteElo "2000"]
[BlackElo "2046"]
[WhiteCountry "NZL"]
[BlackCountry "ESA"]
[Result "0-1"]

1. d4 d5 2. Nf3 c6 3. Bf4 Nf6 4. Nbd2 Bf5 5. h3 Nbd7 6. g4 Bg6 7. Bg2 e6 
8. O-O Be7 9. Ne5 Rc8 10. Nxg6 hxg6 11. e4 dxe4 12. Nxe4 Nxe4 13. Bxe4 Rxh3 
14. Bg2 Rh8 15. Re1 Nb6 16. Qd3 Bd6 17. Bg3 Bxg3 18. fxg3 Qg5 19. Re4 Rd8 
20. Rae1 Rd7 21. Qe2 Kd8 22. c4 Re8 23. Re5 Qe7 24. Re4 Qb4 25. b3 Kc8 
26. Qe3 Qe7 27. Re5 Red8 28. Re4 Kb8 29. Qf2 Re8 30. Re5 Qd8 31. R5e4 Qc7 
32. Re5 Red8 33. R5e4 Nc8 34. Rd1 c5 35. d5 exd5 36. cxd5 Rxd5 37. Rxd5 Rxd5 
38. Re8 Rd1+ 39. Kh2 Rd7 40. Qf3 Re7 41. Rf8 g5 42. Rg8 f6 43. a4 Rd7 
44. Re8 Rd2 45. Re2 Rxe2 46. Qxe2 a6 47. Qe4 Nd6 48. Qd5 Nf7 49. Qe6 Ne5 
50. Qe8+ Qc8 51. Qe7 Nxg4+ 52. Kh3 Ne3+ 53. Kh2 Nxg2 54. Kxg2 Qc7 55. Qf8+ Ka7 
56. Kh2 b5 57. axb5 axb5 58. Qe8 Kb6 59. Qe6+ Qc6 60. Qe7 c4 61. Qd8+ Kc5 
62. bxc4 Kxc4 63. Qg8+ Kc3 64. Qxg7 b4 65. Qe7 b3 66. Qe3+ Kb2 67. Qd4+ Qc3 
68. Qa4 Kc1 69. Qa6 b2 70. Qf1+ Kc2 71. Qf5+ Qd3 72. Qxf6 b1=Q 
0-1

[Event "34th Chess Olympiad (women)"]
[Site "Istanbul"]
[Date "2000.11.10"]
[Round "13.35.2"]
[White "Pastor, Tahnya"]
[Black "Mikhailik, Eleonora"]
[WhiteElo "2000"]
[BlackElo "2000"]
[WhiteCountry "ESA"]
[BlackCountry "NZL"]
[Result "1-0"]

1. e4 e6 2. d4 d5 3. exd5 exd5 4. Nc3 Bf5 5. Qf3 Be6 6. Bd3 c6 7. Nge2 Nf6 
8. h3 Bd6 9. Nf4 O-O 10. Be3 Nbd7 11. g4 g6 12. O-O-O b5 13. Rdg1 a5 
14. Nce2 b4 15. g5 Ne8 16. Nxe6 fxe6 17. Qg4 Ng7 18. h4 e5 19. Ng3 e4 
20. Nxe4 dxe4 21. Bxe4 Rc8 22. h5 Nf5 23. hxg6 hxg6 24. Qh3 Kf7 25. Qh7+ Ke8 
26. Qxg6+ Rf7 27. Rh8+ Nf8 28. Bxf5 Rcc7 29. Be6 
1-0

[Event "34th Chess Olympiad (women)"]
[Site "Istanbul"]
[Date "2000.11.10"]
[Round "13.35.3"]
[White "Courtney, Helen"]
[Black "Osorio, Lorena"]
[WhiteElo "2000"]
[BlackElo "2000"]
[WhiteCountry "NZL"]
[BlackCountry "ESA"]
[Result "1/2-1/2"]

1. d4 d5 2. c4 e6 3. Nc3 c6 4. Nf3 dxc4 5. e3 b5 6. a4 Bb4 7. Bd2 a5 
8. axb5 Bxc3 9. Bxc3 cxb5 10. Be2 Nf6 11. O-O O-O 12. b3 Bb7 13. bxc4 b4 
14. Bb2 Nbd7 15. Nd2 Qc7 16. Qc2 Bc6 17. Bf3 Bxf3 18. Nxf3 Rfb8 19. Rfc1 Qc6 
20. Nd2 a4 21. Rcb1 a3 22. Bc1 Nd5 23. Qd3 Nc3 24. Rb3 Na4 25. f3 Ra7 
26. Ne4 Rc7 27. c5 Qd5 28. Nd6 Ndxc5 29. dxc5 Qxd3 30. Rxd3 Nxc5 31. Rd1 Rd7 
32. Bxa3 bxa3 33. Rxa3 Rbd8 34. e4 e5 35. Rd5 Ne6 36. Rc3 Rxd6 37. Rxe5 g6 
38. Kf2 Rd2+ 39. Kg3 h5 40. Rb3 Rc2 41. Rd5 Rd2 42. Rxd8+ Rxd8 43. Rb2 Kg7 
44. h4 Rd3 45. Ra2 Nc5 46. Kf2 Rd7 47. Ke2 Kf6 48. Ra5 Ne6 49. g3 Rb7 
50. Ra3 Rb2+ 51. Ke1 Rg2 52. f4 Nc5 53. Re3 Rb2 54. Kd1 Rb3 55. Ke2 Rxe3+ 
56. Kxe3 Ke6 57. Kd4 Nd7 58. Kc4 Nf6 59. Kd4 Ng4 60. e5 Kf5 61. Kd5 Ne3+ 
62. Kd6 Nf1 63. Ke7 Nxg3 64. Kxf7 Kxf4 65. e6 Nf5 66. Kxg6 Kg4 67. Kf6 Kf4 
68. Kg6 Kg4 69. Kf6 Kf4 70. Kg6 Kg4 
1/2-1/2

[Event "34th Chess Olympiad (women)"]
[Site "Istanbul"]
[Date "2000.11.10"]
[Round "13.36.1"]
[White "Goler, Isil"]
[Black "Hind, Bahji"]
[WhiteElo "2000"]
[BlackElo "2000"]
[WhiteCountry "TURB"]
[BlackCountry "MAR"]
[Result "1-0"]

1. d4 d5 2. c4 e6 3. Nc3 Nf6 4. Bg5 c6 5. e3 Be7 6. Nf3 Nbd7 7. Bd3 O-O 
8. O-O h6 9. Bh4 Re8 10. Rc1 dxc4 11. Bxc4 b5 12. Bd3 Bb7 13. Qe2 a6 
14. Rfd1 Rc8 15. Bg3 Qb6 16. Ne5 c5 17. Bc2 Rcd8 18. dxc5 Nxc5 19. Nf3 
1-0

[Event "34th Chess Olympiad (women)"]
[Site "Istanbul"]
[Date "2000.11.10"]
[Round "13.36.2"]
[White "Amina, Oubaaqua"]
[Black "Meseli, Perihan"]
[WhiteElo "2000"]
[BlackElo "2000"]
[WhiteCountry "MAR"]
[BlackCountry "TURB"]
[Result "0-1"]

1. e4 d5 2. exd5 Qxd5 3. Nc3 Qa5 4. Nf3 Nf6 5. Be2 Bf5 6. O-O c6 7. d3 Qc7 
8. Bg5 Nbd7 9. Qd2 e6 10. Bf4 Bd6 11. Bxd6 Qxd6 12. Rfe1 O-O-O 13. Rad1 Bg4 
14. Ng5 Rdf8 15. Qe3 Bxe2 16. Qxe2 Qb4 17. Rb1 Qh4 18. Nce4 Nxe4 19. Nxe4 Qf4 
20. Qe3 Qxe3 21. Rxe3 Kc7 22. Rg3 Rhg8 23. Re1 Nf6 24. Nxf6 gxf6 25. Rxg8 Rxg8 
26. Re3 Rg5 27. Rh3 h5 28. Kf1 Kd6 29. c3 Rb5 30. b3 Ra5 31. a4 Rg5 32. d4 c5 
33. dxc5+ Rxc5 34. c4 Rg5 35. g3 Kc5 36. Rxh5 Rxh5 
0-1

[Event "34th Chess Olympiad (women)"]
[Site "Istanbul"]
[Date "2000.11.10"]
[Round "13.36.3"]
[White "Aydin, Nazli"]
[Black "Kamal, Fatima"]
[WhiteElo "2000"]
[BlackElo "2000"]
[WhiteCountry "TURB"]
[BlackCountry "MAR"]
[Result "1-0"]

1. e4 d5 2. exd5 Qxd5 3. Nc3 Qa5 4. d4 Bf5 5. Bc4 c6 6. Nf3 e6 7. Bd2 Bb4 
8. a3 Bxc3 9. Bxc3 Qc7 10. Qe2 Nd7 11. O-O-O Ngf6 12. Ne5 Nxe5 13. dxe5 Nd5 
14. Bd2 O-O-O 15. Rhe1 Qb6 16. g4 Bg6 17. h4 h5 18. Bg5 Rd7 19. f3 Qc5 
20. Rd2 Nb6 21. Rxd7 Nxd7 22. Bb3 a6 23. Qe3 Qxe3+ 24. Rxe3 b5 25. Kd2 c5 
26. c4 b4 27. axb4 cxb4 28. Be7 a5 29. Ba4 Nb6 30. Bb5 Kb7 31. gxh5 Bxh5 
32. Rd3 Rc8 33. b3 Bg6 34. Rd6 Rxc4 35. bxc4 
1-0

[Event "34th Chess Olympiad (women)"]
[Site "Istanbul"]
[Date "2000.11.10"]
[Round "13.37.1"]
[White "Meyer, Marany"]
[Black "Tan, Winnie"]
[WhiteElo "2087"]
[BlackElo "2000"]
[WhiteCountry "RSA"]
[BlackCountry "SIN"]
[Result "0-1"]

1. e4 e5 2. Bc4 Nf6 3. d3 Nc6 4. Nf3 d6 5. c3 Be7 6. O-O O-O 7. Bb3 Bg4 
8. Nbd2 Qd7 9. Re1 Rad8 10. Nc4 Rfe8 11. Ne3 Bf8 12. Nxg4 Qxg4 13. Ng5 Re7 
14. Nf3 h6 15. h3 Qh5 16. Qe2 d5 17. Qf1 dxe4 18. dxe4 g5 19. g4 Qg6 20. Qg2 a6 
21. h4 Nh7 22. Qh3 Red7 23. hxg5 hxg5 24. Qh5 Qxh5 25. gxh5 Bh6 26. Bd5 Rxd5 
27. exd5 Rxd5 28. Be3 f5 29. Rad1 Rxd1 30. Rxd1 f4 31. Bc1 Nf6 32. Kh2 g4 
33. Nd2 f3 34. Rg1 Bf4+ 35. Kh1 Nd8 36. Nc4 Nf7 37. a4 Kh7 38. Re1 g3 
39. fxg3 Bxg3 40. Rf1 e4 41. Nd2 Ne5 42. Nb3 Nd3 43. Nd4 Nf2+ 44. Kg1 Nh3+ 
45. Kh1 Nf2+ 46. Kg1 N6g4 47. Rxf2 Bxf2+ 48. Kf1 Bxd4 49. cxd4 e3 
50. Bxe3 Nxe3+ 51. Kf2 Nd1+ 
0-1

[Event "34th Chess Olympiad (women)"]
[Site "Istanbul"]
[Date "2000.11.10"]
[Round "13.37.2"]
[White "Xu, Yaping"]
[Black "Frick, Denise"]
[WhiteElo "2000"]
[BlackElo "2000"]
[WhiteCountry "SIN"]
[BlackCountry "RSA"]
[Result "1/2-1/2"]

1. f4 d5 2. d4 Nf6 3. e3 c6 4. Nf3 Bg4 5. Bd3 Nbd7 6. Nbd2 e6 7. O-O Bd6 
8. c3 Qc7 9. Qe1 Bxf3 10. Nxf3 O-O-O 11. c4 dxc4 12. Bxc4 h6 13. b4 g5 
14. Ne5 Nb6 15. Be2 gxf4 16. exf4 Nfd5 17. Bd2 f6 18. Nc4 Bxf4 19. Nxb6+ axb6 
20. Bxf4 Nxf4 21. Bg4 f5 22. Qe3 fxg4 23. Rxf4 h5 24. Qxe6+ Qd7 25. Re1 Qxe6 
26. Rxe6 Rd5 27. Kf2 Kd7 28. Rg6 Re8 29. Rg7+ Re7 30. Rff7 Rxf7+ 31. Rxf7+ Kc8 
32. Ke3 c5 33. dxc5 bxc5 34. bxc5 
1/2-1/2

[Event "34th Chess Olympiad (women)"]
[Site "Istanbul"]
[Date "2000.11.10"]
[Round "13.37.3"]
[White "Van Der Merwe, Cecile"]
[Black "Liu, Yang"]
[WhiteElo "2000"]
[BlackElo "2000"]
[WhiteCountry "RSA"]
[BlackCountry "SIN"]
[Result "1-0"]

1. e4 e5 2. f4 Bc5 3. Nf3 d6 4. Bc4 Nc6 5. Nc3 Nf6 6. d3 a6 7. h3 b5 8. Bb3 Na5 
9. fxe5 dxe5 10. Nxe5 Nxb3 11. axb3 Qd4 12. Ne2 Qxe5 13. d4 Bxd4 14. Qxd4 Qxd4 
15. Nxd4 Nxe4 16. Nxb5 Kd8 17. Bf4 c6 18. Rd1+ Bd7 19. Nd4 c5 20. Nf3 f6 
21. O-O Re8 22. Nd2 Nxd2 23. Rxd2 Rc8 24. Rfd1 Re7 25. Rd6 Ra8 26. Kf2 Ke8 
27. R6d5 Rc8 28. Bd6 Re6 29. Rxc5 Rxc5 30. Bxc5 Rc6 31. b4 a5 32. c3 axb4 
33. Bxb4 Re6 34. Bc5 Bb5 35. Rd2 Rc6 36. b4 Rc7 37. Rd4 Kf7 38. c4 Ba4 
39. Ke3 Ke6 40. Bd6 Rc8 41. c5 Bb5 42. Ke4 
1-0

[Event "34th Chess Olympiad (women)"]
[Site "Istanbul"]
[Date "2000.11.10"]
[Round "13.38.1"]
[White "Mtine, Joy"]
[Black "Wiesuriya, Vineetha"]
[WhiteElo "2000"]
[BlackElo "2000"]
[WhiteCountry "ZAM"]
[BlackCountry "SRI"]
[Result "0-1"]

1. e4 c6 2. d4 d5 3. e5 Bf5 4. Nc3 e6 5. a3 Nd7 6. Be2 c5 7. Bb5 a6 
8. Bxd7+ Qxd7 9. Nge2 c4 10. Ng3 Bg6 11. O-O Ne7 12. Nce2 Nf5 13. Nxf5 Bxf5 
14. Re1 h5 15. c3 h4 16. h3 Be7 17. Kh2 g5 18. Ng1 O-O-O 19. b3 Rdg8 
20. bxc4 dxc4 21. f3 Rh7 22. a4 Rhg7 23. Ra2 Qd5 24. Ba3 Bxa3 25. Rxa3 g4 
26. fxg4 Bxg4 27. hxg4 Rxg4 28. Nf3 Rxg2+ 29. Kh1 Rf2 30. Rf1 Rxf1+ 
31. Qxf1 Rg3 32. Kh2 Qxf3 33. Qxc4+ Kb8 34. Ra2 Rh3+ 
0-1

[Event "34th Chess Olympiad (women)"]
[Site "Istanbul"]
[Date "2000.11.10"]
[Round "13.38.2"]
[White "Konama, Anupama"]
[Black "Banda, Mercy"]
[WhiteElo "2000"]
[BlackElo "2000"]
[WhiteCountry "SRI"]
[BlackCountry "ZAM"]
[Result "1/2-1/2"]

1. Nf3 d6 2. d4 g6 3. c4 Bg7 4. Nc3 Bg4 5. e3 Nf6 6. Be2 O-O 7. O-O c6 
8. Bd2 d5 9. cxd5 Nxd5 10. h3 Nxc3 11. bxc3 Bd7 12. Qb3 Qc7 13. Rab1 Bc8 
14. Rfc1 Nd7 15. Bd3 Nb6 16. c4 e6 17. Ba5 Qd7 18. Rc2 e5 19. Bxb6 axb6 
20. Qxb6 exd4 21. exd4 Rd8 
1/2-1/2

[Event "34th Chess Olympiad (women)"]
[Site "Istanbul"]
[Date "2000.11.10"]
[Round "13.38.3"]
[White "Munsaka, Laura"]
[Black "Rathayake, Chandra"]
[WhiteElo "2000"]
[BlackElo "2000"]
[WhiteCountry "ZAM"]
[BlackCountry "SRI"]
[Result "0-1"]

1. e4 e6 2. Nf3 d5 3. e5 c5 4. d4 Nc6 5. dxc5 Bxc5 6. Bd3 Qc7 7. O-O Nxe5 
8. Bf4 Bd6 9. Bxe5 Bxe5 10. Nxe5 Qxe5 11. c3 Bd7 12. Qb3 Qc7 13. Nd2 Nf6 
14. Rfe1 O-O 15. Re3 Bc6 16. Rg3 Qf4 17. Qc2 Rad8 18. Re1 Ne4 19. Bxe4 dxe4 
20. Rge3 Rd3 21. g3 Qg5 22. Nxe4 Rxe3 23. Rxe3 Qd5 24. c4 Qh5 25. Qd3 Qh3 
26. f3 Qf5 27. b3 Qa5 28. a4 Rd8 29. Qc3 Qf5 30. c5 Bxe4 31. Rxe4 Rd1+ 
32. Re1 Rxe1+ 33. Qxe1 Qxc5+ 34. Kg2 Qc2+ 35. Qf2 Qxf2+ 36. Kxf2 Kf8 
37. Ke3 Ke7 38. b4 Kd6 39. Kd4 a6 40. f4 f6 41. h4 b6 42. g4 e5+ 
43. fxe5+ fxe5+ 44. Ke4 g6 45. g5 Ke6 46. b5 axb5 47. axb5 Kd6 48. Ke3 Kd5 
49. Kf3 Kd4 50. Ke2 e4 51. Kf2 Kd3 52. Ke1 Ke3 53. Kf1 Kd2 
0-1

[Event "34th Chess Olympiad (women)"]
[Site "Istanbul"]
[Date "2000.11.10"]
[Round "13.39.1"]
[White "Mendes, Alves"]
[Black "Lopang, Tshepiso"]
[WhiteElo "2000"]
[BlackElo "2000"]
[WhiteCountry "ANG"]
[BlackCountry "BOT"]
[Result "0-1"]

1. e4 g6 2. d4 Bg7 3. Nf3 e6 4. Bd3 d5 5. e5 Nd7 6. Bg5 f6 7. exf6 Bxf6 
8. Bxf6 Qxf6 9. Qd2 h6 10. Nc3 Ne7 11. O-O-O a6 12. Rhe1 Nb6 13. Ne5 Bd7 
14. Re2 O-O-O 15. Nxd7 Rxd7 16. Rde1 Rd6 17. Nd1 Nc6 18. c3 Na5 19. Ne3 Rc6 
20. Ng4 Qxd4 21. Ne5 Rc5 22. Nxg6 Qa4 23. Kb1 Rd8 24. Qc2 Qg4 25. f3 Qa4 
26. Qxa4 Nxa4 27. Rxe6 Kb8 28. Bc2 Nxc3 29. bxc3 Rxc3 30. Kb2 Rc5 31. Bb3 Ka7 
32. Ne7 Rb5 33. Rxh6 c5 34. Kc2 c4 35. Ba4 Rb4 36. Re5 Rxa4 37. Rxd5 Rxa2 
38. Kb1 Rxd5 39. Nxd5 Rxg2 40. f4 Nc6 41. f5 Rd2 42. Ne3 c3 43. f6 Nb4 
44. Rh8 Rf2 45. Nc2 Rxc2 
0-1

[Event "34th Chess Olympiad (women)"]
[Site "Istanbul"]
[Date "2000.11.10"]
[Round "13.39.2"]
[White "Nakedi, Gloria"]
[Black "Afonso, Vieira"]
[WhiteElo "2000"]
[BlackElo "2000"]
[WhiteCountry "BOT"]
[BlackCountry "ANG"]
[Result "1/2-1/2"]

1. d4 Nf6 2. Bg5 e6 3. e3 g6 4. f4 Bg7 5. Bd3 d5 6. Nf3 Nbd7 7. Ne5 O-O 
8. O-O c6 9. Nd2 Qc7 10. c3 Ne8 11. Nxd7 Qxd7 12. Nf3 Qc7 13. Qc2 Nd6 
14. Rae1 b6 15. e4 Nxe4 16. Bxe4 dxe4 17. Qxe4 Bb7 18. Qe3 Rac8 19. Kh1 c5 
20. dxc5 Qxc5 21. Qxc5 Rxc5 22. Be7 Rfc8 23. Bxc5 Rxc5 24. Ne5 Rc7 25. Rd1 Bd5 
26. b3 Bxe5 27. c4 Bxc4 28. bxc4 Bf6 29. Rc1 Kf8 30. g3 Ke7 31. Rfd1 h5 
32. Kg2 Bb2 33. Rc2 Ba3 34. Rd3 Bc5 35. Kf3 f5 36. h3 a5 37. a4 Bd6 38. Rb2 Bc5 
39. g4 hxg4+ 40. hxg4 Rc6 41. Rc2 Bd6 42. gxf5 exf5 43. Re3+ Kf6 44. Re8 Kf7 
45. Rd8 Ke7 46. Rg8 Kf7 47. Rd8 Ke7 48. Rh8 Kf7 49. Rh7+ Kf6 50. Ke3 Bc5+ 
51. Kf3 Re6 52. Re2 Rd6 53. Rh3 Rd3+ 54. Kg2 Rd4 55. Rf3 Rxc4 56. Ra2 g5 
57. fxg5+ Kxg5 58. Kh3 f4 59. Rb3 Kf5 60. Rd3 Ke4 61. Rb3 Be3 62. Rb1 Rc1 
63. Rab2 Rxb1 64. Rxb1 Kd5 65. Kg2 Kc4 66. Kf3 Kd5 67. Rb5+ Kc4 68. Rb1 
1/2-1/2

[Event "34th Chess Olympiad (women)"]
[Site "Istanbul"]
[Date "2000.11.10"]
[Round "13.39.3"]
[White "Zangata, Fatima"]
[Black "Sabure, Tuduetso"]
[WhiteElo "2000"]
[BlackElo "2000"]
[WhiteCountry "ANG"]
[BlackCountry "BOT"]
[Result "0-1"]

1. e4 e5 2. Nc3 Nf6 3. Nf3 d6 4. Bc4 Bg4 5. h3 Bxf3 6. Qxf3 c6 7. a3 Nbd7 
8. O-O Nb6 9. Ba2 Be7 10. d3 O-O 11. Be3 Rc8 12. Qg3 Nh5 13. Qf3 Nf6 14. a4 a5 
15. Ne2 d5 16. Rad1 d4 17. Bd2 Nxa4 18. Ra1 b5 19. Qg3 Qd6 20. Bxa5 Nxb2 
21. Rfb1 Na4 22. Bb4 c5 23. Bd2 Rb8 24. f4 Nd7 25. fxe5 Nxe5 26. Bf4 Bf6 
27. Rf1 Nc3 28. Nxc3 dxc3 29. Rf2 Rbc8 30. Raf1 Qe7 31. Bh6 Ng6 32. Rxf6 gxf6 
33. Bxf8 Kxf8 34. Qg4 Rc7 35. Qh5 Kg7 36. Qg4 Kh8 37. Qh5 Ne5 38. Qh6 Ng6 
39. Rf5 Rc6 40. Rh5 Nf8 41. Rf5 c4 42. Rxb5 cxd3 43. Rb8 Qa7+ 44. Rb6 Qxb6+ 
45. Kh2 Qb8+ 
0-1

[Event "34th Chess Olympiad (women)"]
[Site "Istanbul"]
[Date "2000.11.10"]
[Round "13.40.1"]
[White "Mohammed, Janer"]
[Black "Mak, Sharon"]
[WhiteElo "2000"]
[BlackElo "2000"]
[WhiteCountry "IRQ"]
[BlackCountry "MAC"]
[Result "1-0"]

1. d4 d5 2. c4 e6 3. Nc3 Nf6 4. Bg5 Nc6 5. e3 Be7 6. Nf3 O-O 7. a3 b6 
8. Qc2 Bb7 9. Bxf6 Bxf6 10. cxd5 exd5 11. Bd3 g6 12. h4 Ne7 13. h5 Re8 
14. Ne2 Bc8 15. hxg6 hxg6 16. Nf4 Kg7 17. O-O-O Bf5 18. Bxf5 Nxf5 19. Nh5+ Kg8 
20. Kb1 Rc8 21. Nxf6+ Qxf6 22. Qb3 c6 23. Rh3 Nd6 24. Qd3 Ne4 25. Qf1 Qf5 
26. Ka1 c5 27. Qh1 Nxf2 28. Rh8+ Kg7 29. Qh7+ Kf6 30. Rxe8 Rxe8 31. Qh4+ Kg7 
32. Qxf2 Qg4 33. dxc5 bxc5 34. Rxd5 Qc4 35. Rd1 Qb3 36. Re1 c4 37. Qd2 Rc8 
38. Qc3+ Qxc3 39. bxc3 Rb8 40. Rb1 Rxb1+ 41. Kxb1 a5 42. Nd2 f5 43. Nxc4 a4 
44. Nb2 Kf6 45. Kc2 Ke5 46. Kd3 g5 47. g3 f4 48. gxf4+ gxf4 49. exf4+ Kxf4 
50. c4 
1-0